000
00299nam a22001457a 4500
008
231101b ||||| |||| 00| 0 eng d
020
_a
9781476726298
041
_a
eng
080
_a
61
082
_a
61REI
100
_a
4
101
_a
MJP
245
_a
ONE DOCTOR
_c
REILLY .B
942
_2
udc
_c
BK
999
_c
60478
_d
60478